Statistics for Top 25 smartest countries

Click here to take the quiz!

General Stats

  • This quiz has been taken 342 times
  • The average score is 16 of 25

Answer Stats

RankingAverage IQAnswer% Correct
2105.8China
94%
6104.2Japan
93%
8100.4Canada
89%
4104.6South Korea
89%
2198.8Germany
88%
1799.1UK
87%
2498.1France
85%
2298.6Sweden
82%
7100.9Finland
77%
1107.1Singapore
75%
1699.2Australia
73%
9100.4Netherlands
73%
1599.3Belgium
70%
11100.2Switzerland
70%
5104.6Taiwan
67%
2098.9New Zealand
65%
1899Austria
64%
2398.6Iceland
55%
1499.4Estonia
46%
1998.9Czechia
40%
10100.3Liechtenstein
40%
2598.1Hungary
39%
12100Mongolia
33%
3105.7Hong Kong
28%
1399.9Macao
7%

Score Distribution

Percentile by Number Answered

Percent of People with Each Score

Your Score History

You have not taken this quiz